[Event "Mittelfranken-chTB1 1819"]
[Site "Mittelfranken"]
[Date "2019.03.03"]
[Round "6.2"]
[White "Fett, Helmut"]
[Black "Rieder, Johannes"]
[Result "1/2-1/2"]
[WhiteElo "1876"]
[BlackElo "1886"]
[PlyCount "43"]
[EventDate "2018.10.14"]
[EventType "team-tourn"]
[EventRounds "9"]
[EventCountry "GER"]
[SourceTitle "EXT 2022"]
[Source "ChessBase"]
[SourceDate "2021.10.06"]
[SourceVersion "1"]
[SourceVersionDate "2021.10.06"]
[SourceQuality "1"]
[WhiteTeam "Erlangen Siemens"]
[BlackTeam "Erlangen SC III"]
[WhiteTeamCountry "GER"]
[BlackTeamCountry "GER"]

1. c4 c6 2. Nc3 d5 3. e3 Nf6 4. Nf3 e6 5. b3 Nbd7 6. d4 Bb4 7. Bd2 0-0 8. Be2 b6 9. 0-0 Bb7 10. cxd5 cxd5 11. Rc1 a6 12. Na4 Bd6 13. h3 Ne4 14. Bd3 Rc8 15. Rxc8 Qxc8 16. Qb1 h6 17. Rc1 Qb8 18. Be1 b5 19. Nc3 Rc8 20. Ne2 Rxc1 21. Qxc1 Qc8 22. Qxc8+ 1/2-1/2

[Event "Mittelfranken-chTB1 1819"]
[Site "Mittelfranken"]
[Date "2019.02.10"]
[Round "5.2"]
[White "Sandner, Andreas"]
[Black "Fett, Helmut"]
[Result "1/2-1/2"]
[WhiteElo "1860"]
[BlackElo "1876"]
[PlyCount "43"]
[EventDate "2018.10.14"]
[EventType "team-tourn"]
[EventRounds "9"]
[EventCountry "GER"]
[SourceTitle "EXT 2022"]
[Source "ChessBase"]
[SourceDate "2021.10.06"]
[SourceVersion "1"]
[SourceVersionDate "2021.10.06"]
[SourceQuality "1"]
[WhiteTeam "Bechhofen"]
[BlackTeam "Erlangen Siemens"]
[WhiteTeamCountry "GER"]
[BlackTeamCountry "GER"]

1. e4 d6 2. d4 Nf6 3. Nc3 Nbd7 4. f4 e5 5. Nf3 exd4 6. Nxd4 Nc5 7. Bd3 Be7 8. 0-0 0-0 9. h3 c6 10. Be3 Nxd3 11. Qxd3 d5 12. e5 Nd7 13. Nb3 a5 14. a4 b6 15. Rf3 Bb7 16. Rd1 Qc7 17. Rg3 f5 18. Nd4 Nc5 19. Qe2 Bh4 20. Rf3 Rae8 21. Bf2 Bxf2+ 22. Rxf2 1/2-1/2

[Event "Mittelfranken-chTB1 1819"]
[Site "Mittelfranken"]
[Date "2018.12.02"]
[Round "3.2"]
[White "Brenner, Christian"]
[Black "Fett, Helmut"]
[Result "0-1"]
[WhiteElo "1988"]
[BlackElo "1876"]
[PlyCount "46"]
[EventDate "2018.10.14"]
[EventType "team-tourn"]
[EventRounds "9"]
[EventCountry "GER"]
[SourceTitle "EXT 2022"]
[Source "ChessBase"]
[SourceDate "2021.10.06"]
[SourceVersion "1"]
[SourceVersionDate "2021.10.06"]
[SourceQuality "1"]
[WhiteTeam "Nuernberg Zabo Eintracht"]
[BlackTeam "Erlangen Siemens"]
[WhiteTeamCountry "GER"]
[BlackTeamCountry "GER"]

1. e4 d6 2. d4 Nf6 3. Nc3 Nbd7 4. Nf3 e5 5. g4 Nxg4 6. Rg1 Ngf6 7. Be3 c6 8. Bc4 Qa5 9. Bd2 h6 10. Qe2 Qc7 11. 0-0-0 b5 12. dxe5 dxe5 13. Bxb5 cxb5 14. Nxb5 Qc6 15. Bc3 a6 16. Na3 Bxa3 17. Bxe5 Nxe5 18. Nxe5 Qc3 19. Nc4 Rb8 20. Qd3 Bxb2+ 21. Nxb2 Qxb2+ 22. Kd2 0-0 23. f4 Qb4+ 0-1

[Event "Mittelfranken-chTB1 1819"]
[Site "Mittelfranken"]
[Date "2018.11.04"]
[Round "2.2"]
[White "Fett, Helmut"]
[Black "Fuchs, Gerhard"]
[Result "1/2-1/2"]
[WhiteElo "1876"]
[BlackElo "2016"]
[PlyCount "35"]
[EventDate "2018.10.14"]
[EventType "team-tourn"]
[EventRounds "9"]
[EventCountry "GER"]
[SourceTitle "EXT 2022"]
[Source "ChessBase"]
[SourceDate "2021.10.06"]
[SourceVersion "1"]
[SourceVersionDate "2021.10.06"]
[SourceQuality "1"]
[WhiteTeam "Erlangen Siemens"]
[BlackTeam "Nuernberg SK 1911"]
[WhiteTeamCountry "GER"]
[BlackTeamCountry "GER"]

1. c4 e5 2. g3 Nc6 3. Bg2 f5 4. d3 Nf6 5. Nc3 Bc5 6. Nf3 0-0 7. 0-0 a5 8. e3 Ba7 9. a3 Qe7 10. b4 d6 11. b5 Nd8 12. Qc2 Ne6 13. a4 Nc5 14. d4 Nce4 15. Ba3 Nxc3 16. Qxc3 e4 17. Nd2 Be6 18. d5 1/2-1/2

[Event "Mittelfranken-chTB1 1718"]
[Site "Mittelfranken"]
[Date "2018.03.04"]
[Round "6.6"]
[White "Ziegler, Peter"]
[Black "Fett, Helmut"]
[Result "1/2-1/2"]
[WhiteElo "1775"]
[BlackElo "1816"]
[PlyCount "60"]
[EventDate "2017.10.08"]
[EventType "team-tourn"]
[EventRounds "9"]
[EventCountry "GER"]
[SourceTitle "EXT 2022"]
[Source "ChessBase"]
[SourceDate "2021.10.06"]
[SourceVersion "1"]
[SourceVersionDate "2021.10.06"]
[SourceQuality "1"]
[WhiteTeam "Nuernberg Zabo Eintracht"]
[BlackTeam "Erlangen Siemens"]
[WhiteTeamCountry "GER"]
[BlackTeamCountry "GER"]

1. e4 d6 2. d4 Nf6 3. Nc3 Nbd7 4. Nf3 e5 5. Bc4 Be7 6. 0-0 0-0 7. a4 a5 8. Re1 c6 9. h3 Qc7 10. d5 Nb6 11. Ba2 Bd7 12. Be3 cxd5 13. Nxd5 Nbxd5 14. Bxd5 Nxd5 15. exd5 f5 16. Bg5 Bf6 17. c3 h6 18. Bc1 Qc4 19. Ra3 e4 20. Nd2 Qxd5 21. Nxe4 Qxd1 22. Nxf6+ Rxf6 23. Rxd1 Bc6 24. Bf4 Re6 25. Rxd6 Re1+ 26. Kh2 Re2 27. Rd2 Re4 28. Be3 Rxa4 29. Rxa4 Bxa4 30. Bb6 Bc6 1/2-1/2

[Event "Mittelfranken-chTB1 1718"]
[Site "Mittelfranken"]
[Date "2017.11.19"]
[Round "3.5"]
[White "Fett, Helmut"]
[Black "Scherb, Ansgar"]
[Result "1-0"]
[WhiteElo "1816"]
[BlackElo "1730"]
[PlyCount "103"]
[EventDate "2017.10.08"]
[EventType "team-tourn"]
[EventRounds "9"]
[EventCountry "GER"]
[SourceTitle "EXT 2022"]
[Source "ChessBase"]
[SourceDate "2021.10.06"]
[SourceVersion "1"]
[SourceVersionDate "2021.10.06"]
[SourceQuality "1"]
[WhiteTeam "Erlangen Siemens"]
[BlackTeam "Lauf SV"]
[WhiteTeamCountry "GER"]
[BlackTeamCountry "GER"]

1. c4 Nf6 2. Nc3 e6 3. e4 d5 4. e5 Nfd7 5. d4 dxc4 6. Bxc4 Nb6 7. Bd3 N8d7 8. Nf3 Bb4 9. 0-0 Bxc3 10. bxc3 c5 11. Re1 h6 12. Be3 c4 13. Bf1 Qc7 14. Nd2 0-0 15. Qg4 f5 16. exf6 Nxf6 17. Qg6 Bd7 18. Ne4 Be8 19. Nxf6+ Rxf6 20. Qg4 Nd5 21. Bd2 Bg6 22. Qe2 b5 23. g3 Raf8 24. f4 Qd7 25. Qe5 Bf5 26. Bg2 a5 27. h3 Kh7 28. Bxd5 exd5 29. Qe7 Qc6 30. Re5 Be4 31. a3 R8f7 32. Qe8 Qxe8 33. Rxe8 g5 34. Rb8 gxf4 35. Bxf4 Rg6 36. Kf2 b4 37. axb4 axb4 38. Rxb4 h5 39. h4 Re6 40. Ra8 Bd3 41. Rb2 Rg6 42. Rbb8 Re6 43. Rh8+ Kg6 44. Rag8+ Kf5 45. Rxh5+ Ke4 46. Rgg5 Bc2 47. Re5+ Rxe5 48. Rxe5+ Kd3 49. Re3+ Kd2 50. Re7+ Kxc3 51. Rxf7 Kxd4 52. Rf6 1-0

[Event "Mittelfranken-chTB1 1718"]
[Site "Mittelfranken"]
[Date "2017.10.29"]
[Round "2.6"]
[White "Fett, Helmut"]
[Black "Gottlieb, Michael"]
[Result "1-0"]
[WhiteElo "1816"]
[BlackElo "1752"]
[PlyCount "55"]
[EventDate "2017.10.08"]
[EventType "team-tourn"]
[EventRounds "9"]
[EventCountry "GER"]
[SourceTitle "EXT 2022"]
[Source "ChessBase"]
[SourceDate "2021.10.06"]
[SourceVersion "1"]
[SourceVersionDate "2021.10.06"]
[SourceQuality "1"]
[WhiteTeam "Erlangen Siemens"]
[BlackTeam "Postbauer Heng"]
[WhiteTeamCountry "GER"]
[BlackTeamCountry "GER"]

1. c4 e5 2. Nc3 Nf6 3. Nf3 d6 4. g3 g6 5. Bg2 Bg7 6. 0-0 0-0 7. d3 c6 8. e4 Ne8 9. d4 Qc7 10. dxe5 dxe5 11. b3 Be6 12. Ng5 Bd7 13. Ba3 c5 14. Nd5 Qa5 15. Bb2 Bc6 16. Nf3 Bxd5 17. cxd5 Nd7 18. Bh3 f5 19. exf5 gxf5 20. Ng5 Rf6 21. Ne6 Nc7 22. Nxg7 Kxg7 23. Bxf5 Rxf5 24. Qg4+ Kf6 25. Qh4+ Kg6 26. Qg4+ Kf6 27. f4 Ke7 28. Qxf5 1-0

[Event "Mittelfranken-chTB2a 1617"]
[Site "Mittelfranken"]
[Date "2017.02.12"]
[Round "6.5"]
[White "Birkmann, Guenther"]
[Black "Fett, Helmut"]
[Result "1-0"]
[WhiteElo "1919"]
[BlackElo "1812"]
[PlyCount "59"]
[EventDate "2016.10.23"]
[EventType "team-tourn"]
[EventRounds "9"]
[EventCountry "GER"]
[SourceTitle "EXT 2022"]
[Source "ChessBase"]
[SourceDate "2021.10.06"]
[SourceVersion "1"]
[SourceVersionDate "2021.10.06"]
[SourceQuality "1"]
[WhiteTeam "Zirndorf II"]
[BlackTeam "Erlangen Siemens"]
[WhiteTeamCountry "GER"]
[BlackTeamCountry "GER"]

1. Nf3 Nf6 2. c4 c5 3. g3 Nc6 4. d4 cxd4 5. Nxd4 Nxd4 6. Qxd4 g6 7. Nc3 Bg7 8. Bg2 0-0 9. 0-0 d6 10. Qd3 Rb8 11. Be3 b6 12. Nb5 Qd7 13. Rac1 Bb7 14. Rfd1 Bxg2 15. Kxg2 Ng4 16. Bd4 Qb7+ 17. f3 Bxd4 18. Qxd4 Ne5 19. a4 Nc6 20. Qh4 Rfe8 21. Nc3 Rbc8 22. Nd5 a5 23. b3 Nd8 24. Rc3 Nc6 25. Re3 Rb8 26. Kf2 Qd7 27. Qh6 Qf5 28. g4 Qc2 29. Rxe7 Nxe7 30. Nf6+ 1-0

[Event "Forchheim op-B 13th"]
[Site "Forchheim"]
[Date "2014.10.03"]
[Round "1"]
[White "Diller, Daniel"]
[Black "Fett, Helmut"]
[Result "1-0"]
[WhiteElo "1872"]
[BlackElo "1830"]
[PlyCount "83"]
[EventDate "2014.10.03"]
[EventType "swiss"]
[EventRounds "5"]
[EventCountry "GER"]
[SourceTitle "EXT 2019"]
[Source "ChessBase"]
[SourceDate "2018.10.10"]
[SourceVersion "1"]
[SourceVersionDate "2018.10.10"]
[SourceQuality "1"]

1. c4 c5 2. g3 g6 3. Bg2 Bg7 4. Nc3 Nc6 5. Nf3 Nf6 6. d4 cxd4 7. Nxd4 Nxd4 8. Qxd4 d6 9. 0-0 0-0 10. Qd3 Rb8 11. Bd2 Be6 12. Rac1 Qd7 13. e4 Bh3 14. f3 Bxg2 15. Kxg2 Rfe8 16. Be3 b6 17. b4 Rbc8 18. b5 Qb7 19. Nd5 Nd7 20. Nb4 Ne5 21. Qb3 e6 22. Bf4 Red8 23. Rfd1 Rd7 24. Rc2 Rdc7 25. Bxe5 dxe5 26. Nc6 Rxc6 27. bxc6 Qxc6 28. Qd3 Qa4 29. Qb3 Qc6 30. Rcd2 Qxc4 31. Qxc4 Rxc4 32. Rd8+ Bf8 33. Ra8 Rc2+ 34. Kh3 Kg7 35. Rxa7 Bc5 36. Rdd7 h5 37. Rxf7+ Kh6 38. f4 exf4 39. gxf4 Rc3+ 40. Kg2 Rc2+ 41. Kf1 g5 42. Rf6# 1-0

[Event "Mittelfranken-chTB1 1415"]
[Site "Mittelfranken"]
[Date "2014.09.28"]
[Round "1.6"]
[White "Fett, Helmut"]
[Black "Pasedag, Peter"]
[Result "0-1"]
[WhiteElo "1810"]
[BlackElo "2078"]
[PlyCount "46"]
[EventDate "2014.09.29"]
[EventType "team-tourn"]
[EventRounds "9"]
[EventCountry "GER"]
[SourceTitle "EXT 2020"]
[Source "ChessBase"]
[SourceDate "2019.10.17"]
[SourceVersion "1"]
[SourceVersionDate "2019.10.17"]
[SourceQuality "1"]
[WhiteTeam "Siemens Erlangen"]
[BlackTeam "Fuerth SF"]
[WhiteTeamCountry "GER"]
[BlackTeamCountry "GER"]

1. Nf3 d5 2. e3 Nf6 3. d4 Bg4 4. Be2 e6 5. Ne5 Bxe2 6. Qxe2 Nbd7 7. Nxd7 Qxd7 8. Nc3 c5 9. Qb5 Rc8 10. Qxd7+ Kxd7 11. Bd2 cxd4 12. exd4 Rc4 13. 0-0 Bb4 14. f3 Rhc8 15. Rf2 Ba5 16. Nxd5 Nxd5 17. Bxa5 Rxc2 18. Rb1 Rxf2 19. Kxf2 Rc2+ 20. Kg1 Kc6 21. Be1 Nf4 22. g3 Ne2+ 23. Kh1 Nxd4 0-1

[Event "Mittelfranken-chTB2b 1314"]
[Site "Mittelfranken"]
[Date "2013.12.01"]
[Round "3.2"]
[White "Fett, Helmut"]
[Black "Mehwald, Thomas"]
[Result "1/2-1/2"]
[WhiteElo "1810"]
[BlackElo "1954"]
[PlyCount "53"]
[EventDate "2013.10.20"]
[EventType "team-tourn"]
[EventRounds "9"]
[EventCountry "GER"]
[SourceTitle "EXT 2020"]
[Source "ChessBase"]
[SourceDate "2019.10.17"]
[SourceVersion "1"]
[SourceVersionDate "2019.10.17"]
[SourceQuality "1"]
[WhiteTeam "Siemens Erlangen"]
[BlackTeam "Muehlhof/Schwabach"]
[WhiteTeamCountry "GER"]
[BlackTeamCountry "GER"]

1. c4 e5 2. g3 Nc6 3. Bg2 g6 4. Nc3 Bg7 5. e3 d6 6. Nf3 Be6 7. d3 h6 8. 0-0 Qd7 9. Re1 Nf6 10. Rb1 0-0 11. b3 Bh3 12. Bh1 Ne7 13. d4 exd4 14. Nxd4 Ng4 15. Nce2 g5 16. Bg2 Bxg2 17. Kxg2 Nf5 18. h3 Nxf2 19. Kxf2 Nxd4 20. exd4 Qf5+ 21. Bf4 gxf4 22. Nxf4 Rae8 23. Qd2 h5 24. Kg2 Bh6 25. Qd3 Qg5 26. Qf3 h4 27. Qg4 1/2-1/2

[Event "Mittelfranken-chTB2b 1213"]
[Site "Germany"]
[Date "2013.01.27"]
[Round "1.2"]
[White "Simon, Martin1111"]
[Black "Fett, Helmut"]
[Result "1/2-1/2"]
[WhiteElo "1897"]
[BlackElo "1769"]
[PlyCount "94"]
[EventDate "2012.10.07"]
[EventType "team-tourn"]
[EventRounds "9"]
[EventCountry "GER"]
[SourceTitle "EXT 2019"]
[Source "ChessBase"]
[SourceDate "2018.10.10"]
[SourceVersion "1"]
[SourceVersionDate "2018.10.10"]
[SourceQuality "1"]
[WhiteTeam "Neumarkt"]
[BlackTeam "Erlangen Siemens"]
[WhiteTeamCountry "GER"]
[BlackTeamCountry "GER"]

1. Nf3 d6 2. d4 Nf6 3. c4 g6 4. Nc3 Bg7 5. e4 c6 6. Bd3 0-0 7. h3 Nbd7 8. 0-0 e5 9. dxe5 Nxe5 10. Nxe5 dxe5 11. Bg5 Qc7 12. Qf3 Ne8 13. Rfd1 f5 14. c5 Be6 15. exf5 gxf5 16. Qg3 e4 17. Qe3 Qf7 18. Be2 Nc7 19. Rd2 Nd5 20. Nxd5 cxd5 21. Qf4 Rac8 22. Rc1 d4 23. Qh4 Qd7 24. Bh5 Bf7 25. Be7 Rfe8 26. Bxf7+ Kxf7 27. Bd6 Qe6 28. b4 e3 29. Qh5+ Kg8 30. Re2 Qg6 31. Qxg6 hxg6 32. fxe3 d3 33. Rd2 Rxe3 34. b5 Bd4 35. Kf1 Rce8 36. Rcd1 b6 37. cxb6 Bxb6 38. Rxd3 Re2 39. R3d2 R2e4 40. a3 Rc8 41. Re2 Rec4 42. Rde1 Rc2 43. g3 Rxe2 44. Rxe2 Rc1+ 45. Kg2 Rg1+ 46. Kh2 Rb1 47. Bb4 Kf7 1/2-1/2

[Event "Mittelfranken-chTB2b 1213"]
[Site "Germany"]
[Date "2012.12.16"]
[Round "5.2"]
[White "Kirchner, Norbert Jr"]
[Black "Fett, Helmut"]
[Result "0-1"]
[WhiteElo "1967"]
[BlackElo "1769"]
[PlyCount "142"]
[EventDate "2012.10.07"]
[EventType "team-tourn"]
[EventRounds "9"]
[EventCountry "GER"]
[SourceTitle "EXT 2019"]
[Source "ChessBase"]
[SourceDate "2018.10.10"]
[SourceVersion "1"]
[SourceVersionDate "2018.10.10"]
[SourceQuality "1"]
[WhiteTeam "Heideck/Hilpoltstein"]
[BlackTeam "Erlangen Siemens"]
[WhiteTeamCountry "GER"]
[BlackTeamCountry "GER"]

1. e4 d6 2. d4 Nf6 3. Bd3 e5 4. Nf3 Nbd7 5. 0-0 Be7 6. c3 0-0 7. h3 c6 8. Re1 Re8 9. Bg5 Qc7 10. Nbd2 Nf8 11. Bh4 Nh5 12. Bg3 Nxg3 13. fxg3 Be6 14. Nc4 exd4 15. cxd4 d5 16. exd5 Bxd5 17. Ne3 Qxg3 18. Nxd5 cxd5 19. Bb5 Ne6 20. Bxe8 Rxe8 21. Qa4 Kf8 22. Rac1 Nf4 23. Rc2 Nxg2 24. Rxg2 Qxf3 25. Qb3 Qxb3 26. axb3 Bf6 27. Rxe8+ Kxe8 28. Rd2 Bg5 29. Rd1 Kd7 30. Kf2 Kc6 31. Ke2 Kb5 32. Kd3 Kc6 33. Re1 Bd8 34. Re8 Kd7 35. Rg8 g6 36. Rg7 Ke6 37. Rxh7 Bf6 38. h4 Ke7 39. h5 g5 40. Rh6 g4 41. b4 g3 42. Ke2 Bxd4 43. Kf3 Bg7 44. Rh7 Kf8 45. Kxg3 Kg8 46. Rxg7+ Kxg7 47. Kf4 Kh6 48. Ke5 Kxh5 49. b5 Kg4 50. Kxd5 f5 51. Kd6 f4 52. Kc7 f3 53. Kxb7 f2 54. Kxa7 f1Q 55. b6 Qa1+ 56. Kb8 Qxb2 57. b7 Qb6 58. Ka8 Qa6+ 59. Kb8 Kf5 60. Kc7 Qa7 61. Kc8 Qc5+ 62. Kd7 Qb6 63. Kc8 Qc6+ 64. Kb8 Ke6 65. Ka7 Qc7 66. Ka8 Qa5+ 67. Kb8 Qb6 68. Ka8 Qa6+ 69. Kb8 Kd6 70. Kc8 Kc6 71. Kd8 Qxb7 0-1

[Event "Mittelfranken-chTB2b 1213"]
[Site "Germany"]
[Date "2012.10.21"]
[Round "2.2"]
[White "Fett, Helmut"]
[Black "Ludwig, Michael"]
[Result "1/2-1/2"]
[WhiteElo "1769"]
[BlackElo "1860"]
[PlyCount "71"]
[EventDate "2012.10.07"]
[EventType "team-tourn"]
[EventRounds "9"]
[EventCountry "GER"]
[SourceTitle "EXT 2019"]
[Source "ChessBase"]
[SourceDate "2018.10.10"]
[SourceVersion "1"]
[SourceVersionDate "2018.10.10"]
[SourceQuality "1"]
[WhiteTeam "Erlangen Siemens"]
[BlackTeam "Buechenbach/Roth II"]
[WhiteTeamCountry "GER"]
[BlackTeamCountry "GER"]

1. c4 e5 2. g3 Nf6 3. Bg2 Be7 4. Nc3 0-0 5. Nf3 Nc6 6. 0-0 d6 7. d4 exd4 8. Nxd4 Bd7 9. b3 Nxd4 10. Qxd4 Bc6 11. Bb2 Bxg2 12. Kxg2 c6 13. Rfd1 Qc7 14. Rac1 Rfd8 15. e3 a6 16. Ne4 d5 17. cxd5 Ne8 18. Qc4 Qa5 19. Nc3 Bf6 20. dxc6 bxc6 21. Rxd8 Rxd8 22. Qxc6 Qf5 23. Na4 Be7 24. Rd1 Nd6 25. Qf3 Qc2 26. Rc1 Qd2 27. Qg4 Ne8 28. Rc8 Rxc8 29. Qxc8 Qd5+ 30. f3 Qd2+ 31. Kh3 Kf8 32. Qc3 Qf2 33. Qd3 Qxf3 34. Qxh7 Qf1+ 35. Kg4 Qe2+ 36. Kh3 1/2-1/2

[Event "Mittelfranken-chTB2b 1213"]
[Site "Germany"]
[Date "2012.10.07"]
[Round "6.1"]
[White "Fett, Helmut"]
[Black "Sattler, Stefan"]
[Result "1/2-1/2"]
[WhiteElo "1769"]
[BlackElo "2074"]
[PlyCount "87"]
[EventDate "2012.10.07"]
[EventType "team-tourn"]
[EventRounds "9"]
[EventCountry "GER"]
[SourceTitle "EXT 2019"]
[Source "ChessBase"]
[SourceDate "2018.10.10"]
[SourceVersion "1"]
[SourceVersionDate "2018.10.10"]
[SourceQuality "1"]
[WhiteTeam "Erlangen Siemens"]
[BlackTeam "Herzogenaurach"]
[WhiteTeamCountry "GER"]
[BlackTeamCountry "GER"]

1. c4 e5 2. g3 Nc6 3. Bg2 d6 4. Nc3 g6 5. e3 Bg7 6. Nge2 Nge7 7. 0-0 0-0 8. d3 Be6 9. Nd5 Qd7 10. Nxe7+ Nxe7 11. Bxb7 Rab8 12. Bg2 f5 13. b3 f4 14. exf4 exf4 15. Bxf4 Bxa1 16. Qxa1 Bh3 17. Bxh3 Qxh3 18. Be3 a6 19. Nf4 Qd7 20. Re1 c6 21. c5 Nf5 22. cxd6 Qxd6 23. Qc3 Rfe8 24. Qc4+ Kg7 25. Bd2 Rxe1+ 26. Bxe1 g5 27. Bc3+ Kh6 28. Qf7 gxf4 29. Qxf5 Rb5 30. Qe4 fxg3 31. hxg3 Rd5 32. Qg4 Qg6 33. Qh4+ Qh5 34. Qf4+ Qg5 35. Qf8+ Kh5 36. Qf3+ Kg6 37. Qe4+ Qf5 38. Qe8+ Kg5 39. Qe3+ Kg6 40. Qe8+ Kg5 41. Bd2+ Kg4 42. Qe2+ Qf3 43. Qe6+ Qf5 44. Qe2+ 1/2-1/2

[Event "Seebach op 23rd"]
[Site "Grossenseebach"]
[Date "2012.06.09"]
[Round "6"]
[White "Fett, Helmut"]
[Black "Heimrath, Reiner"]
[Result "0-1"]
[WhiteElo "1769"]
[BlackElo "2146"]
[PlyCount "84"]
[EventDate "2012.06.07"]
[EventType "swiss"]
[EventRounds "7"]
[EventCountry "GER"]
[SourceTitle "EXT 2013"]
[Source "ChessBase"]
[SourceDate "2012.11.22"]
[SourceVersion "1"]
[SourceVersionDate "2012.11.22"]
[SourceQuality "1"]

1. c4 g6 2. g3 Bg7 3. Bg2 e5 4. Nc3 Ne7 5. e4 0-0 6. Nge2 f5 7. d3 c6 8. Be3 d6 9. Qd2 Be6 10. 0-0 Nd7 11. b3 Nf6 12. Bh6 Bxh6 13. Qxh6 f4 14. Bh3 Qd7 15. Bxe6+ Qxe6 16. f3 Nh5 17. g4 Qf6 18. gxh5 Qh4 19. Rf2 Rf5 20. Ng3 Rg5 21. Rg2 Kh8 22. Qxg5 Qxg5 23. Nf5 Qxh5 24. Nxe7 Re8 25. Nxg6+ hxg6 26. Kf2 Kg7 27. Rag1 Kf6 28. d4 exd4 29. Ne2 c5 30. Rxg6+ Qxg6 31. Rxg6+ Kxg6 32. Nxf4+ Kg5 33. Nd3 Kh4 34. Kg2 Rg8+ 35. Kh1 a6 36. f4 b6 37. a4 Kh5 38. b4 cxb4 39. Nxb4 Rc8 40. e5 dxe5 41. fxe5 Rxc4 42. e6 Rxb4 0-1

[Event "Seebach op 23rd"]
[Site "Grossenseebach"]
[Date "2012.06.09"]
[Round "5"]
[White "Siegl, Adrian"]
[Black "Fett, Helmut"]
[Result "0-1"]
[WhiteElo "1488"]
[BlackElo "1769"]
[PlyCount "68"]
[EventDate "2012.06.07"]
[EventType "swiss"]
[EventRounds "7"]
[EventCountry "GER"]
[SourceTitle "EXT 2013"]
[Source "ChessBase"]
[SourceDate "2012.11.22"]
[SourceVersion "1"]
[SourceVersionDate "2012.11.22"]
[SourceQuality "1"]

1. e4 d6 2. d4 Nf6 3. Nc3 e5 4. Nf3 Nbd7 5. Bc4 c6 6. Ng5 d5 7. exd5 cxd5 8. Nxd5 Nxd5 9. Bxd5 Qa5+ 10. c3 Qxd5 11. 0-0 Be7 12. Qg4 Bxg5 13. Bxg5 f6 14. Bd2 0-0 15. Bh6 Qf7 16. Be3 f5 17. Qd1 f4 18. Bc1 exd4 19. Qxd4 Nb6 20. b3 f3 21. Qe4 fxg2 22. Qxg2 Qc7 23. Qg3 Qc6 24. Rd1 Rf6 25. Rd8+ Rf8 26. Rxf8+ Kxf8 27. Ba3+ Kg8 28. Rd1 Bf5 29. c4 Re8 30. Bb2 Qg6 31. Kf1 Bg4 32. f3 Rf8 33. Kg1 Rxf3 34. Rd8+ Kf7 0-1

[Event "Seebach op 23rd"]
[Site "Grossenseebach"]
[Date "2012.06.08"]
[Round "4"]
[White "Fett, Helmut"]
[Black "Korn, Lukas Alexander"]
[Result "1/2-1/2"]
[WhiteElo "1769"]
[BlackElo "1555"]
[PlyCount "53"]
[EventDate "2012.06.07"]
[EventType "swiss"]
[EventRounds "7"]
[EventCountry "GER"]
[SourceTitle "EXT 2013"]
[Source "ChessBase"]
[SourceDate "2012.11.22"]
[SourceVersion "1"]
[SourceVersionDate "2012.11.22"]
[SourceQuality "1"]

1. c4 Nf6 2. g3 g6 3. Bg2 Bg7 4. Nc3 e6 5. Nf3 Nc6 6. 0-0 0-0 7. d4 d5 8. cxd5 exd5 9. a3 Re8 10. e3 Ne7 11. b4 c6 12. Bb2 Nf5 13. Rc1 Nd6 14. Nd2 Bf5 15. Re1 a5 16. Qb3 Nfe4 17. Ncxe4 dxe4 18. Qc2 axb4 19. axb4 Qe7 20. Ra1 Qe6 21. Ra4 Rxa4 22. Qxa4 Nc4 23. Nxc4 Qxc4 24. Bf1 Qd5 25. Rc1 Rd8 26. Ra1 Be6 27. Qc2 1/2-1/2

[Event "Mittelfranken-chTB2b 1112"]
[Site "Germany"]
[Date "2012.01.15"]
[Round "5.5"]
[White "Perner, Bastian"]
[Black "Fett, Helmut"]
[Result "1-0"]
[WhiteElo "1841"]
[BlackElo "1825"]
[PlyCount "127"]
[EventDate "2011.09.25"]
[EventType "team-tourn"]
[EventRounds "9"]
[EventCountry "GER"]
[SourceTitle "EXT 2013"]
[Source "ChessBase"]
[SourceDate "2012.11.22"]
[SourceVersion "1"]
[SourceVersionDate "2012.11.22"]
[SourceQuality "1"]
[WhiteTeam "Heideck/Hilpoltstein"]
[BlackTeam "Erlangen Siemens"]
[WhiteTeamCountry "GER"]
[BlackTeamCountry "GER"]

1. e4 e6 2. d4 d5 3. exd5 exd5 4. Bd3 Nc6 5. c3 Bd6 6. Be3 Nf6 7. f3 Qe7 8. Qe2 Bd7 9. Bg5 0-0-0 10. Qxe7 Bxe7 11. Ne2 h6 12. Bf4 Be6 13. Nd2 g5 14. Bg3 Bd6 15. 0-0-0 Nh5 16. Bxd6 Rxd6 17. g4 Ng7 18. Ng3 Rf8 19. h4 f5 20. hxg5 hxg5 21. Rh7 Rd7 22. gxf5 Nxf5 23. Nxf5 Bxf5 24. Bxf5 Rxf5 25. Rh8+ Rd8 26. Rh3 Rg8 27. Rg1 Nd8 28. Nf1 Rgf8 29. Rgg3 c6 30. Ne3 R5f7 31. Ng4 Rf5 32. Kd2 Ne6 33. Rh6 Re8 34. b4 b6 35. a4 Nd8 36. b5 Re6 37. bxc6 Rxh6 38. Nxh6 Rf6 39. Ng8 Rf7 40. Rxg5 Rxf3 41. Ne7+ Kc7 42. Nxd5+ Kxc6 43. Nb4+ Kb7 44. Rg7+ Rf7 45. Rxf7+ Nxf7 46. Kd3 a6 47. Ke4 a5 48. Nc2 b5 49. axb5 Nd6+ 50. Kd3 Nxb5 51. c4 Nc7 52. c5 Kc6 53. Kc4 Nd5 54. Na3 Ne3+ 55. Kd3 Nd5 56. Nb1 Nb4+ 57. Kc4 Nd5 58. Kb3 Nc7 59. Nc3 Ne6 60. Kc4 Nc7 61. d5+ Kd7 62. c6+ Kd8 63. d6 Ne6 64. Nd5 1-0

[Event "Mittelfranken-chTB2b 1011"]
[Site "Germany"]
[Date "2011.03.13"]
[Round "7.5"]
[White "Fett, Helmut"]
[Black "Ludwig, Michael"]
[Result "1-0"]
[WhiteElo "1816"]
[BlackElo "1832"]
[PlyCount "77"]
[EventDate "2010.09.26"]
[EventType "team-tourn"]
[EventRounds "9"]
[EventCountry "GER"]
[SourceTitle "EXT 2012"]
[Source "ChessBase"]
[SourceDate "2011.11.24"]
[SourceVersion "1"]
[SourceVersionDate "2011.11.24"]
[SourceQuality "1"]
[WhiteTeam "Erlangen Siemens"]
[BlackTeam "Buechenbach/Roth II"]
[WhiteTeamCountry "GER"]
[BlackTeamCountry "GER"]

1. c4 e5 2. Nc3 Nc6 3. g3 Nf6 4. Bg2 g6 5. e4 Bg7 6. Nge2 0-0 7. 0-0 d6 8. d3 Ne8 9. Be3 Be6 10. b3 f5 11. d4 Bd7 12. exf5 gxf5 13. d5 Ne7 14. Qd2 Ng6 15. f4 h5 16. fxe5 dxe5 17. Bg5 Bf6 18. Bxf6 Qxf6 19. Ne4 Qb6+ 20. c5 Qb5 21. Qh6 Nh8 22. N2c3 Qb4 23. Rac1 Rf7 24. Ng5 Rg7 25. Ne6 Nf7 26. Qxh5 Bxe6 27. dxe6 Qxc5+ 28. Kh1 Nfd6 29. Ne4 Qa5 30. Nc5 e4 31. Nxe4 Qxa2 32. Nxd6 Nxd6 33. e7 Qxb3 34. Rxc7 Qf7 35. Qd1 Qg6 36. Rd7 Ne8 37. Qd5+ Kh7 38. Qxb7 Nf6 39. Qxa8 1-0